=LDR 00000nam 2200000 4500 =001 INLIS000000000008530 =005 20220310012439 =035 ##$$a 0010-061300000008530 =008 220310################g##########0#ind## =041 ##$$a Ind =082 ##$$a 658.104 =090 ##$$a 658.104, Mul p =100 1#$$a Mulyono, Mauled =245 1#$$a Penerapan Produktivitas Dalam Organisasi /$c Mauled Mulyono, S.E. =260 ##$$a Jakarta :$b Bumi Aksara,$c 2004 =300 ##$$a x,100 hlm, ; $c 23 x 15 cm =650 #4$$a Produktivitas Industri =850 ##$$a NBPNMAT =020 ##$$a 979-526-166-5 =084 ##$$a 658.104 MUL p =504 ##$$a Bibliografi : hlm. 99 - 100 =250 ##$$a cet.1 =990 ##$$a 40600161 =990 ##$$a 40600163 =990 ##$$a 20404885 =990 ##$$a 20404888 =990 ##$$a 20404886 =990 ##$$a 40600162 =990 ##$$a 40600162 =990 ##$$a 40600161 =990 ##$$a 40600163 =990 ##$$a 20404885 =990 ##$$a 20404888 =990 ##$$a 20404886